Obchodní obědy a večeře jak úspěšně využít jejich potenciál
Salvato in:
| Autore principale: | |
|---|---|
| Altri autori: | , |
| Natura: | Libro |
| Lingua: | ceco |
| Pubblicazione: |
Praha
ASPI
2007
|
| Soggetti: | |
| Tags: |
Nessun Tag, puoi essere il primo ad aggiungerne!!
|
MARC
| LEADER | 00000nam$a2200000$$$4500 | ||
|---|---|---|---|
| 001 | 0076313 | ||
| 005 | 20240311131310.6 | ||
| 020 | |a 978-80-7357-282-2 | ||
| 041 | 0 | |a cze | |
| 044 | |a CZ | ||
| 245 | 1 | 0 | |a Obchodní obědy a večeře |b jak úspěšně využít jejich potenciál |c Lioba Werth / Christopher Thum ; prekl. Johana Dudichum |
| 264 | 1 | |a Praha |b ASPI |c 2007 | |
| 300 | |a 107 s. | ||
| 610 | 2 | 0 | |a rokovania obchodné |
| 610 | 2 | 0 | |a komunikácia interpersonálna |
| 610 | 2 | 0 | |a komunikácia neverbálna |
| 610 | 2 | 0 | |a psychológia |
| 610 | 2 | 0 | |a stolovanie |
| 610 | 2 | 0 | |a etiketa |
| 100 | 1 | |a Werth, Lioba | |
| 700 | 1 | |a Thum, Christopher | |
| 700 | 1 | |a Dudichum, Johana | |